Pokémon Mystery Dungeon Explorers of Time/Darkness/Sky Bosses - Statistics

General Stats
  • This quiz has been taken 174 times
    65 since last reset
  • The average score is 50 of 78
Answer Stats
Hint Answer % Correct
Vast Ice Mountain Primal Dialga
98%
Temporal Tower Dialga
96%
Steam Cave Groudon
94%
Shimmer Desert Groudon
94%
Mystery Jungle Mew
92%
Spacial Rift Palkia
92%
Quicksand Cave Mesprit
90%
Sky Stairway Rayquaza
90%
Crystal Crossing Azelf
88%
Dark Crater Darkrai
88%
Star Cave Jirachi
88%
Bottomless Sea Kyogre
88%
Old Ruins Dusknoir
86%
Crystal Crossing Grovyle
86%
Steam Cave Uxie
86%
Beach Cave Zubat
86%
Mt. Bristle Drowzee
84%
World Abyss Giratina
84%
Beach Cave Koffing
84%
Aegis Cave Regigigas
84%
Giant Volcano Heatran
82%
Aegis Cave Regirock
82%
Aegis Cave Registeel
82%
Mistifying Forest Wigglytuff
82%
Mt. Avalanche Articuno
80%
Aegis Cave Regice
80%
Mistifying Forest Chatot
78%
Amp Plains (EoT/D) Luxray
78%
Treacherous Waters Suicune
78%
Inferno Cave Entei
76%
Mistifying Forest Loudred
76%
Amp Plains (EoT/D) Luxio x7
76%
Sky Stairway Mewtwo
76%
Southeastern Isles Raikou
76%
Barren Valley Sableye x4
76%
Old Ruins Sableye x6
76%
Dusk Forest Sableye x6
76%
Amp Plains (EoS) Manectric
74%
Mistifying Forest Sunflora
72%
Mistifying Forest Croagunk
70%
Mistifying Forest Dugtrio
70%
Amp Plains (EoS) Electrike x7
70%
Brine Cave Kabutops
70%
Brine Cave Omastar x2
68%
Mistifying Forest Corphish
66%
Mistifying Forest Diglett
66%
Limestone Cave Arbok
62%
Mistifying Forest Chimecho
62%
Crevice Cave Froslass
62%
Sealed Ruins Spiritomb
62%
Dark Crater Arbok
60%
Dark Crater Rhyperior
60%
Miracle Sea Gyarados
56%
Sky Peak Summit Grimer x5
54%
Sky Peak Summit Muk x3
54%
Dark Crater Magmortar
52%
Aegis Cave Bronzong x4
50%
Limestone Cave Weavile
50%
Dark Crater Mismagius
48%
Aegis Cave Hitmonlee x4
44%
Dark Ice Mountain Mamoswine
44%
Limestone Cave Drapion
42%
Dark Ice Mountain Glalie x4
40%
Spring Cave Haunter
38%
Star Cave Snover
38%
Dark Crater Aggron
36%
Boulder Quarry Aggron
36%
Sky Peak Mountain Path Carnivine x5
36%
Dark Crater Magcargo
34%
Star Cave Bagon
28%
Star Cave Gligar
26%
Boulder Quarry Lairon x6
24%
Fortune Ravine Camerupt
22%
Fortune Ravine Probopass
16%
Fortune Ravine Claydol
14%
Fortune Ravine Yanmega
14%
Fortune Ravine Vespiquen
12%
Fortune Ravine Exploud
8%
No matching quizzes found
Score Distribution
Percent of People with Each Score
Percentile by Number Answered
Your Score History
You have not taken this quiz since the last reset